Поколение миллениум выбирает кейс; Метод инженерных кейсов: достижения и вызовы будущего

Detalhes bibliográficos
Parent link:Метод инженерных кейсов: достижения и вызовы будущего.— 2019.— [С. 60-64]
Autor principal: Леонтьева Е. Г. Елена Геннадьевна
Autor Corporativo: Национальный исследовательский Томский политехнический университет Школа инженерного предпринимательства
Resumo:Заглавие с экрана
Idioma:russo
Publicado em: 2019
Assuntos:
Acesso em linha:http://earchive.tpu.ru/handle/11683/62444
Formato: Recurso Electrónico Capítulo de Livro
KOHA link:https://koha.lib.tpu.ru/cgi-bin/koha/opac-detail.pl?biblionumber=631278

MARC

LEADER 00000naa2a2200000 4500
001 631278
005 20231101133643.0
035 |a (RuTPU)RU\TPU\conf\32979 
035 |a RU\TPU\conf\32978 
090 |a 631278 
100 |a 20200818d2019 k y0rusy50 ca 
101 0 |a rus 
102 |a RU 
105 |a y z 101zy 
135 |a drgn ---uucaa 
181 0 |a i  
182 0 |a b 
200 1 |a Поколение миллениум выбирает кейс  |f Е. Г. Леонтьева 
203 |a Текст  |c электронный 
230 |a 1 компьютерный файл (pdf; 191 Kb) 
300 |a Заглавие с экрана 
463 1 |0 (RuTPU)RU\TPU\conf\32976  |t Метод инженерных кейсов: достижения и вызовы будущего  |o сборник тезисов по итогам научно-образовательнойконференции,Томск, 26–27 ноября 2019 г.  |f Национальный исследовательский Томский политехнический университет (ТПУ)  |v [С. 60-64]  |d 2019 
610 1 |a электронный ресурс 
610 1 |a труды учёных ТПУ 
610 1 |a кейс-методы 
610 1 |a коммуникации 
610 1 |a учебный процесс 
610 1 |a межкультурный менеджмент 
700 1 |a Леонтьева  |b Е. Г.  |c специалист в области менеджмента  |c доцент Томского политехнического университета, кандидат философских наук  |f 1964-  |g Елена Геннадьевна  |2 stltpush  |3 (RuTPU)RU\TPU\pers\28593 
712 0 2 |a Национальный исследовательский Томский политехнический университет  |b Школа инженерного предпринимательства  |c (2017- )  |h 7949  |2 stltpush  |3 (RuTPU)RU\TPU\col\23544 
801 2 |a RU  |b 63413507  |c 20200819  |g RCR 
856 4 |u http://earchive.tpu.ru/handle/11683/62444 
942 |c BK